000 00452nam a22001817a 4500
003 MPLRDC
005 20220104160643.0
008 210129b ||||| |||| 00| 0 eng d
020 _a7-106-01180-0
082 _a859.3 SDW v.1
100 _a孙大文原
245 _a金猫圣帝
_c远航改编
250 _a一版一刷
260 _a中国
_b中国电影出版社
_c1997
300 _b
650 _a儿童文学
942 _cBK
_o859.3 SDW v.1
999 _c55096
_d55086